Obščestvennaja sfera i kommunikacija monografija dlja ob'jasnenija vybrannych problem kommunikaciji i upravlenija v organach publičnogo upravlenija

Bibliographic Details
Main Authors: Bačišin, Vladimír, 1963- (Author), Kultan, Jaroslav, 1960- (Author)
Corporate Authors: Ekonomická univerzita v Bratislave. Fakulta hospodárskej informatiky (Originator), Vzdelávanie-veda-výskum (občianske združenie) (Originator)
Format: Book
Language:Russian
PhysicalDescription:92 s. grafy, ilustr., mp., sch., tab. 21 cm
Published: Bratislava Ekonóm 2015
ISBN:9788022541855
Subjects:

MARC

LEADER 00000cam a2200000 a 4500
001 vtls011495742
003 SK-MaSNL
005 20260302084437.0
008 240318s2015 xo abo n 000 0 rus
015 |a SNBA2016/03 
020 |a 9788022541855  |q (brožované) 
035 |a urn:nbn:sk:snk-am00bcq8 
035 |a urn:nbn:sk:snk-am3h96l 
035 |a 539E8CDF-17E2-4C0E-81FF-0DE62E59402E 
040 |a SNK  |b slo  |c SNK  |e AACR2 
041 0 |a rus 
043 |a e-xo--- 
044 |a xo  |c SK 
072 7 |a 35  |x Verejná správa  |2 konspekt 
080 |a 35  |2 2011 
080 |a 316.77  |2 2011 
080 |a (437.6)  |2 2011 
080 |a 659.4  |2 2011 
080 |a (048.8)  |2 2011 
100 1 |a Bačišin, Vladimír,  |d 1963-  |4 aut  |9 52522 
245 1 0 |a Obščestvennaja sfera i kommunikacija  |b monografija dlja ob'jasnenija vybrannych problem kommunikaciji i upravlenija v organach publičnogo upravlenija  |c Vladimir Bačišin, Jaroslav Kultan 
260 |a Bratislava  |b Ekonóm  |c 2015 
300 |a 92 s.  |b grafy, ilustr., mp., sch., tab.  |c 21 cm 
504 |a Bibliogr. odkazy 
650 0 7 |a verejná správa  |z Slovensko  |2 SNKPH  |9 306154 
650 0 7 |a komunikácia  |2 SNKPH  |9 1362 
650 0 7 |a Public administration  |z Slovakia  |2 SNKPHeng  |9 553981 
650 0 7 |a Communication  |2 SNKPHeng  |9 265705 
650 0 7 |a public relations  |2 SNKPH 
650 0 7 |a public relations  |2 SNKPHeng 
655 7 |a monografie  |2 SNKPH  |9 70139 
655 7 |a Monographs  |2 SNKPHeng  |9 120675 
700 1 |a Kultan, Jaroslav,  |d 1960-  |4 aut  |9 10770 
710 2 |a Ekonomická univerzita v Bratislave.  |b Fakulta hospodárskej informatiky  |4 org  |9 177163 
710 2 |a Vzdelávanie-veda-výskum (občianske združenie)  |4 org  |9 753619 
919 |a 978-80-225-4185-5 
958 |a SK 
958 |a NB 
999 |c 1187939  |d 1189869 
952 |a SNK  |b SNK  |y PREZ  |7 0  |p 17A1180797  |o snkSC 168309  |i snk2016/4661  |8 0  |0 0  |1 0  |4 0  |d 2016-02-19  |f 1  |l 0  |r 2026-02-24 22:01:29  |w 2026-02-24 
952 |a SNK  |b SNK  |y VYP  |7 0  |p 17A1180798  |o snkSC 168309 D1  |i snk2016/4663  |8 0  |0 0  |1 0  |4 0  |d 2016-02-19  |l 0  |r 2026-02-24 22:01:29  |w 2026-02-24